| 000 -CABECERA |
| Longitud fija campo de control |
01013nam a22002537a 4500 |
| 003 - IDENTIFICADOR DEL NÚMERO DE CONTROL |
| Identificador del número de control |
OSt |
| 005 - FECHA Y HORA DE LA ÚLTIMA TRANSACCIÓN |
| Fecha y hora de la última transacción |
20180412190728.0 |
| 008 - CÓDIGOS DE INFORMACIÓN DE LONGITUD FIJA |
| Códigos de información de longitud fija |
180412s1990 spca || 000 ||spa|d |
| 017 ## - NÚMERO DE COPYRIGHT O DE DEPÓSITO LEGAL |
| Número de copyright o de depósito legal |
DL B. 11586-1990 |
| 020 ## - NÚMERO INTERNACIONAL NORMALIZADO PARA LIBROS |
| Número Internacional Normalizado para Libros (ISBN) |
84873750102 (cart.) |
| 040 ## - FUENTE DE LA CATALOGACIÓN |
| Centro catalogador de origen |
ES-BaCBU |
| Lengua de catalogación |
cat |
| Centro transcriptor |
CDMR |
| 245 00 - MENCIÓN DE TÍTULO |
| Título |
Quién es quién en el periodismo deportivo español |
| Mención de responsabilidad, etc. |
/ [dirección de la obra: Miguel Vidal ; Joan Pla: director literario ; coordinación de textos: Montserrat Jolis] |
| 260 ## - PUBLICACIÓN, DISTRIBUCIÓN, ETC. (PIE DE IMPRENTA) |
| Lugar de publicación, distribución, etc. |
Barcelona : |
| Nombre del editor, distribuidor, etc. |
P & P, |
| Fecha de publicación, distribución, etc. |
impr. 1990 |
| 300 ## - DESCRIPCIÓN FÍSICA |
| Extensión |
262 p. : |
| Otras características físicas |
il.; |
| Dimensiones |
31 cm |
| 500 ## - NOTA GENERAL |
| Nota general |
A la part superior de la portada: Asociación Española de la Prensa Deportiva |
| 500 ## - NOTA GENERAL |
| Nota general |
Al llom: 1 |
| 650 07 - PUNTO DE ACCESO ADICIONAL DE MATERIA - TÉRMINO DE MATERIA |
| Término de materia o nombre geográfico como elemento inicial |
Periodisme esportiu |
| Subdivisión geográfica |
Espanya |
| Subdivisión de materia general |
Biografia |
| -- |
Diccionaris |
| Fuente del encabezamiento o término |
lemac |
| 9 (RLIN) |
3383 |
| 650 07 - PUNTO DE ACCESO ADICIONAL DE MATERIA - TÉRMINO DE MATERIA |
| Término de materia o nombre geográfico como elemento inicial |
Periodistes esportius |
| Subdivisión geográfica |
Espanya |
| Subdivisión de materia general |
Directoris |
| Fuente del encabezamiento o término |
lemac |
| 700 1# - PUNTO DE ACCESO ADICIONAL - NOMBRE DE PERSONA |
| Nombre de persona |
Vidal i Perelló, Miquel, |
| Fechas asociadas al nombre |
1942- |
| Término indicativo de función |
ed. |
| 700 1# - PUNTO DE ACCESO ADICIONAL - NOMBRE DE PERSONA |
| Nombre de persona |
Pla, Joan, |
| Fechas asociadas al nombre |
1934-, |
| Término indicativo de función |
ed. |
| 700 1# - PUNTO DE ACCESO ADICIONAL - NOMBRE DE PERSONA |
| Nombre de persona |
Jolis, Montserrat, |
| Término indicativo de función |
ed. |
| 710 2# - PUNTO DE ACCESO ADICIONAL - NOMBRE DE ENTIDAD |
| Nombre de entidad o nombre de jurisdicción como elemento inicial |
Asociación Española de la Prensa Deportiva |
| 942 ## - ENTRADA DE ELEMENTOS AGREGADOS (KOHA) |
| Koha [por defecto] tipo de item |
Monografies |